000 01073nam a22002175i 4500
001 154632
003 ES-MaACL
005 20250816063144.0
008 030117q18521900sp |||| | spa d
040 _aCCPB | B
_bspa
_cCCPB | B
100 2 _aGonzález y Crespo, Mariano José,
_d1794-1868
_9127450
245 1 0 _aNoticia abreviada del establecimiento de aguas y baños minero-medicinales de Carlos III en la villa de Trillo
_b: con un estado general de los enfermos que han concurrido en veintidos temporadas consecutivas, y de los efectos producidos por el remedio mineral en las dolencias que padecían.
260 _a[S.l. :
_bs.n.,
_cs.a.]
300 _a16 p. ;
_c20 cm.
594 _aAutor obtenido de Palau: Mariano José Gonzalez y Crespo.
596 _aEn p. 6 consta el año 1852.
596 _aSegun Palau impreso por Alejandro Gomez Fuentenebro.
650 _aAguas minerales-
_zTrillo (Guadalajara)
_9172328
852 _aES-MaACL
_jT-356-F-15
_z-- Enc. hol., falto de la cub. original
_z-- Enc. en un vol. facticio
999 _c154632
_d154632